000 01074nam a2200313Ia 4500
001 dia_196
003 CHAP
005 20251021150827.0
008 220117s1968 xx 000 0 und d
010 _a172177
040 _cCHAP
082 _a632 C66 1968
110 _aEstados Unidos. Departmento de Agricultura
_9151182
245 _aComo proteger nuestros alimentos /
_c traducción J. Fernández Cepero
260 _aMéxico :
_b UTEHA,
_c1968
300 _axvii, 594 p.
500 _aTítulo original: Protecting our food (Yearbook of agriculture 1966)
503 _aD.
590 _aTX353 C66 1968
650 _aAnimal parasites and pests
_9151183
650 _aDisease and pest management
_9151184
650 _aManejo de enfermedades y plagas
_9151185
650 _aPlagas y parásitos de animales
_9151186
710 _aDepartmento de Agricultura (E.U.A.) \ Department of Agriculture (U.S.)
_9151187
901 _a632 C66 1968
902 _aA
905 _a5232271968 mx adn 8222223322spa16
942 _cLIBRO
_2ddc
999 _c172177
_d172177